Os 20 Cantores com as Maiores Turnês Musicais de Maior Bilheteria - Statistics

Estatísticas Gerais
  • Esse quiz foi jogado 101 vezes
  • A pontuação média é 5 de 20
Estatísticas das Respostas
Bilheteria Resposta Ano que Ocorreu % Correto
US$2,077,618,725 Taylor Swift 2023-2024
93%
US$579,800,000 Beyoncé 2023
82%
US$411,000,000 Madonna 2008-2009
55%
US$1,144,588,329 Coldplay 2022-2025
39%
US$523,033,675 Coldplay 2016-2017
39%
US$776,200,000 Ed Sheeran 2017-2019
18%
US$584,551,454 Ed Sheeran 2022-2025
18%
US$617,300,000 Harry Styles 2021-2023
18%
US$736,421,586 U2 2009-2011
16%
US$390,778,581 U2 2017-2019
16%
US$389,000,000 U2 2005-2006
16%
US$558,255,524 The Rolling Stones 2005-2007
15%
US$546,500,000 The Rolling Stones 2017-2021
15%
US$939,100,000 Elton John 2018-2023
13%
US$430,000,000 Metallica 2016-2019
13%
US$441,900,000 AC/DC 2008-2010
11%
US$584,200,000 Guns N' Roses 2016-2019
10%
US$584,700,000 Pink 2023-2024
8%
US$397,300,000 Pink 2018-2019
8%
US$459,000,000 Roger Waters 2010-2013
0%
Nenhum quiz correspondente encontrado
Distribuição das Pontuações
Porcentagem de Pessoas com Cada Pontuação
Percentil de Números Respondidos
Sua Pontuação Histórica
Você não jogou esse quiz